Statistics for ALL Taylor Swift Songs as of February 2024

Click here to take the quiz!

General Stats

  • This quiz has been taken 154,098 times
    (26,119 since last reset)
  • The average score is 130 of 272

Answer Stats

AlbumTrack #Answer% Correct
Lover3Lover
86%
Collaborations/Features-Lover (with Shawn Mendes)
86%
Fearless (Taylor's Version)1Fearless
84%
Red (Taylor's Version)2Red
84%
Lover16ME! (feat. Brendon Urie
of Panic! At the Disco)
83%
1989 (Taylor's Version)2Blank Space
80%
Fearless (Taylor's Version)3Love Story
80%
Fearless (Taylor's Version)27Love Story (Elvira Remix)
80%
Speak Now (Taylor's Version)15Ours
80%
1989 (Taylor's Version)6Shake It Off
80%
Speak Now (Taylor's Version)4Speak Now
79%
Red (Taylor's Version)5All Too Well
76%
Red (Taylor's Version)30All Too Well (10 Minute Version)
76%
1989 (Taylor's Version)8Bad Blood
76%
1989 (Taylor's Version)22Bad Blood (feat. Kendrick Lamar)
76%
folklore2cardigan
76%
Taylor Swift11Our Song
76%
1989 (Taylor's Version)3Style
76%
folklore1the 1
76%
1989 (Taylor's Version)1Welcome To New York
76%
Midnights3Anti-Hero
75%
Collaborations/Features-Anti-Hero (with Bleachers)
75%
Midnights11Karma
75%
Midnights (Til Dawn/The Late Night Tracks)23Karma (feat. Ice Spice)
75%
reputation6Look What You Made Me Do
75%
Red (Taylor's Version)622
74%
Lover2Cruel Summer
74%
Midnights1Lavender Haze
74%
Fearless (Taylor's Version)6You Belong With Me
74%
reputation1...Ready For It?
73%
Taylor Swift1Tim McGraw
73%
folklore8august
71%
folklore14betty
70%
reputation5Delicate
70%
evermore15evermore (feat. Bon Iver)
70%
Speak Now (Taylor's Version)9Enchanted
69%
Lover4The Man
69%
Taylor Swift3Teardrops On My Guitar
68%
1989 (Taylor's Version)9Wildest Dreams
68%
evermore1willow
68%
reputation9Getaway Car
67%
Midnights2Maroon
67%
Speak Now (Taylor's Version)1Mine
67%
1989 (Taylor's Version)4Out of the Woods
67%
Taylor Swift2Picture to Burn
67%
1989 (Taylor's Version)17"Sl*t!"
67%
Speak Now (Taylor's Version)5Dear John
66%
reputation4Don't Blame Me
66%
reputation2End Game (feat. Ed Sheeran
& Future)
66%
Lover5The Archer
66%
evermore2champagne problems
65%
Midnights4
Snow on the Beach
(feat. Lana Del Rey)
65%
Midnights (Til Dawn/The Late Night Tracks)22
Snow On The Beach
(feat. More Lana Del Rey)
65%
Red (Taylor's Version)4I Knew You Were Trouble
65%
1989 (Taylor's Version)21Is It Over Now?
65%
Midnights6Midnight Rain
65%
Red (Taylor's Version)8We Are Never Ever Getting
Back Together
65%
1989 (Taylor's Version)13Clean
64%
Midnights9Bejeweled
63%
reputation12Dress
63%
folklore4exile (feat. Bon Iver)
63%
Lover7Miss Americana &
The Heartbreak Prince
63%
reputation15New Year's Day
63%
folklore3the last great
american dynasty
63%
Lover14You Need To Calm Down
63%
Speak Now (Taylor's Version)3Back to December
62%
Fearless (Taylor's Version)2Fifteen
62%
Taylor Swift (Deluxe)13Invisible
62%
Speak Now (Taylor's Version)6Mean
62%
Speak Now (Taylor's Version)2Sparks Fly
62%
Midnights5You're on Your Own, Kid
62%
Lover18Daylight
61%
reputation8Gorgeous
61%
1989 (Taylor's Version)16New Romantics
61%
Lover11London Boy
60%
Speak Now (Taylor's Version)14Long Live
60%
Collaborations/Features-Long Live (with Paula Fernandes)
60%
1989 (Taylor's Version)19Now That We Don't Talk
60%
Lover8Paper Rings
60%
Fearless (Taylor's Version)5White Horse
60%
folklore10illicit affairs
59%
folklore6mirrorball
59%
Midnights8Vigilante Sh*t
59%
reputation3I Did Something Bad
58%
evermore13marjorie
58%
Midnights13Mastermind
58%
folklore5my tears ricochet
58%
folklore7seven
58%
folklore17the lakes
58%
1989 (Taylor's Version)14Wonderland
58%
Lover9Cornelia Street
57%
1989 (Taylor's Version)20Suburban Legends
57%
Speak Now (Taylor's Version)10Better Than Revenge
56%
folklore16hoax
56%
Lover1I Forgot That You Existed
56%
reputation10King of My Heart
56%
Fearless (Taylor's Version)22Mr. Perfectly Fine
56%
Midnights (3am Edition)16Paris
56%
reputation13This Is Why We Can't Have
Nice Things
56%
1989 (Taylor's Version)11This Love
56%
evermore5tolerate it
56%
1989 (Taylor's Version)5All You Had To Do Was Stay
55%
reputation11Dancing With Our Hands Tied
55%
evermore6
no body, no crime
(feat. HAIM)
55%
Lover15Afterglow
54%
reputation14Call It What You Want
54%
Red (Taylor's Version)20
State Of Grace
(Acoustic Version)
54%
Speak Now (Taylor's Version)12Haunted
54%
1989 (Taylor's Version)10How You Get the Girl
54%
Taylor Swift10Mary's Song (Oh My My My)
54%
Red (Taylor's Version)1State of Grace
54%
Midnights (Til Dawn/The Late Night Tracks)24
You're Losing Me
(From The Vault)
53%
Speak Now (Taylor's Version)19I Can See You
53%
1989 (Taylor's Version)12I Know Places
53%
folklore11invisible string
53%
folklore15peace
53%
Midnights7Question... ?
53%
1989 (Taylor's Version)18Say Don't Go
53%
Midnights (3am Edition)19Would've, Could've, Should've
53%
reputation7So It Goes...
52%
Midnights (3am Edition)14The Great War
52%
folklore9this is me trying
52%
1989 (Taylor's Version)15You Are In Love
52%
Midnights10Labyrinth
51%
Taylor Swift9Should've Said No
51%
Speak Now (Taylor's Version)18When Emma Falls in Love
51%
Lover10Death By A Thousand Cuts
50%
evermore3gold rush
50%
Lover12Soon You'll Get Better
(feat. Dixie Chicks)
50%
Midnights (3am Edition)20Dear Reader
49%
Speak Now (Taylor's Version)20
Castles Crumbling
(feat. Hayley Williams)
49%
folklore13epiphany
49%
Lover17It's Nice To Have A Friend
49%
evermore10ivy
49%
evermore16right where you left me
49%
Red (Taylor's Version)9Stay Stay Stay
49%
Speak Now (Taylor's Version)16Superman
49%
Speak Now (Taylor's Version)17Electric Touch (feat. Fall Out Boy)
48%
Lover13False God
48%
The Tortured Poets Department1Fortnight (feat. Post Malone)
48%
Midnights (3am Edition)18Glitch
48%
Fearless (Taylor's Version)4Hey Stephen
48%
1989 (Taylor's Version)7I Wish You Would
48%
evermore11cowboy like me
47%
evermore9
coney island
(feat. The National)
47%
evermore8dorothea
47%
Speak Now (Taylor's Version)13Last Kiss
47%
folklore12mad woman
47%
Red (Taylor's Version)21Ronan
47%
The Tortured Poets Department5So Long, London
47%
Midnights12Sweet Nothing
47%
Speak Now (Taylor's Version)7The Story of Us
47%
Fearless (Taylor's Version)10The Way I Loved You
47%
Speak Now (Taylor's Version)22Timeless
47%
evermore4'tis the damn season
47%
Midnights (Til Dawn/The Late Night Tracks)21Hits Different
46%
Midnights (3am Edition)15Bigger Than The Whole Sky
45%
Taylor Swift5Cold As You
45%
Speak Now (Taylor's Version)11Innocent
45%
Lover6I Think He Knows
45%
The Tortured Poets Department6But Daddy I Love Him
44%
Singles/Other-Christmas Tree Farm
44%
Red (Taylor's Version)14Everything Has Changed
(feat. Ed Sheeran)
44%
Fearless (Taylor's Version)11Forever & Always
44%
Fearless (Taylor's Version)16Forever & Always
(Piano Version)
44%
Red (Taylor's Version)3Treacherous
44%
Red (Taylor's Version)24Babe
43%
Collaborations/Features-Babe (with Sugarland)
43%
The Tortured Poets Department2
The Tortured Poets
Department
43%
Speak Now (Taylor's Version)8Never Grow Up
43%
Red (Taylor's Version)25Message In A Bottle
42%
Red (Taylor's Version)26
I Bet You Think About Me
(feat. Chris Stapleton)
41%
Speak Now (Taylor's Version)21Foolish One
41%
evermore7happiness
41%
Midnights (3am Edition)17High Infidelity
41%
Red (Taylor's Version)28Run (feat. Ed Sheeran)
41%
Taylor Swift6The Outside
41%
Red (Taylor's Version)16Begin Again
40%
Red (Taylor's Version)11Holy Ground
40%
evermore17it's time to go
40%
Fearless (Taylor's Version)19The Other Side of the Door
40%
Taylor Swift7Tied Together With a Smile
40%
Red (Taylor's Version)22Better Man
39%
Songwriting-Better Man (for Little Big Town)
39%
Fearless (Taylor's Version)7Breathe (feat. Colbie Caillat)
39%
evermore14closure
39%
Red (Taylor's Version)23
Nothing New
(feat. Phoebe Bridgers)
39%
Red (Taylor's Version)10The Last Time
(feat. Gary Lightbody)
39%
Taylor Swift4A Place In This World
38%
Fearless (Taylor's Version)13Change
38%
evermore12long story short
38%
Red (Taylor's Version)15Starlight
38%
Fearless (Taylor's Version)12The Best Day
38%
Red (Taylor's Version)29The Very First Night
38%
Red (Taylor's Version)18Come Back... Be Here
37%
The Tortured Poets Department8
Florida!!! (feat. Florence +
The Machine)
37%
Red (Taylor's Version)27Forever Winter
37%
Fearless (Taylor's Version)26Bye Bye Baby
36%
Collaborations/Features-I Don't Wanna Live Forever
(with ZAYN)
35%
Fearless (Taylor's Version)14Jump Then Fall
35%
The Tortured Poets Department12loml
35%
Red (Taylor's Version)12Sad Beautiful Tragic
35%
Taylor Swift8Stay Beautiful
35%
Fearless (Taylor's Version)9You're Not Sorry
35%
Red (Taylor's Version)19Girl At Home
34%
Taylor Swift (Deluxe)12I'm Only Me When I'm
With You
34%
The Taylor Swift Holiday Collection1Last Christmas
34%
Red (Taylor's Version)13The Lucky One
34%
Singles/Other-All Of The Girls You Loved Before
33%
Red (Taylor's Version)7I Almost Do
33%
The Tortured Poets Department11I Can Fix Him (No Really I Can)
33%
Fearless (Taylor's Version)18Superstar
33%
Fearless (Taylor's Version)20Today Was A Fairytale
33%
The Tortured Poets Department16Clara Bow
32%
Fearless (Taylor's Version)17Come In With the Rain
32%
Fearless (Taylor's Version)25Don't You
32%
Fearless (Taylor's Version)8Tell Me Why
32%
Red (Taylor's Version)17The Moment I Knew
32%
Taylor Swift (Deluxe)14A Perfectly Good Heart
31%
Fearless (Taylor's Version)24That's When (feat. Keith Urban)
31%
Collaborations/Features-
Safe & Sound (with Joy Williams
and John Paul White)
(Taylor's Version)
30%
Fearless (Taylor's Version)15Untouchable
30%
The Tortured Poets Department13
I Can Do It With a
Broken Heart
29%
Fearless (Taylor's Version)21
You All Over Me
(feat. Maren Morris)
29%
The Tortured Poets Department4Down Bad
29%
1989 (Taylor's Version)22Sweeter Than Fiction
29%
Singles/Other-
If This Was a Movie
(Taylor's Version)
28%
The Tortured Poets Department3
My Boy Only Breaks His
Favorite Toys
27%
The Taylor Swift Holiday Collection3Santa Baby
27%
The Tortured Poets Department15The Alchemy
27%
The Tortured Poets Department14
The Smallest Man Who
Ever Lived
26%
Singles/Other-Eyes Open (Taylor's Version)
26%
The Tortured Poets Department17The Manuscript
26%
Fearless (Taylor's Version)23We Were Happy
26%
The Taylor Swift Holiday Collection6White Christmas
25%
Singles/Other-Carolina
24%
Collaborations/Features-Renegade (with Big Red Machine)
24%
The Tortured Poets Department10Who's Afraid of Little Old Me?
24%
Singles/Other-Crazier
23%
The Tortured Poets Department7Fresh Out the Slammer
23%
The Tortured Poets Department9Guilty as Sin?
23%
The Taylor Swift Holiday Collection4Silent Night
22%
Unreleased-Need
21%
Singles/Other-Only The Young
21%
Collaborations/Features-
The Joker And The Queen
(with Ed Sheeran)
20%
Songwriting-This Is What You Came For
(for Calvin Harris & Rihanna)
20%
The Taylor Swift Holiday Collection2Christmases When You
Were Mine
19%
Singles/Other-I Heart ?
19%
Skits/Parodies-Monologue Song
19%
Collaborations/Features-The Alcott (with The National)
18%
Singles/Other-Beautiful Eyes
17%
Skits/Parodies-
Three Sad Virgins
(with Pete Davidson)
17%
Skits/Parodies-Thug Story (with T-Pain)
16%
Singles/Other-Beautiful Ghosts
15%
The Taylor Swift Holiday Collection5Christmas Must
Be Something More
15%
Collaborations/Features-Gasoline (with HAIM)
15%
Collaborations/Features-Highway Don't Care
(with Tim McGraw)
14%
Collaborations/Features-Both of Us (with B.O.B.)
13%
Unreleased-I'd Lie
12%
Singles/Other-Macavity
12%
Unreleased-Battle (Let's Go)
11%
Collaborations/Features-Birch (with Big Red Machine)
11%
Songwriting-You'll Always Find Your Way
Back Home (for Miley Cyrus)
11%
Unreleased-Permanent Marker
10%
Collaborations/Features-Two Is Better Than One
(with Boys Like Girls)
10%
Collaborations/Features-Half of My Heart (with John Mayer)
9%
Songwriting-Best Days of Your Life
(for Kellie Pickler)
6%
Unreleased-Dark Blue Tennessee
6%
Unreleased-Drama Queen
6%
Unreleased-Didn't They
5%
Songwriting-
Bein' With My Baby
(for Shea Fisher)
4%
Songwriting-
This Is Really Happening
(for Britni Hoover)
3%

Score Distribution

Percentile by Number Answered

Percent of People with Each Score

Your Score History

You have not taken this quiz since the last reset